| 000 | 00539nam a2200181Ia 4500 | ||
|---|---|---|---|
| 005 | 20250923145327.0 | ||
| 008 | 008 250917s9999 xx 000 0 eng d | ||
| 037 | _aTextual | ||
| 040 |
_aDSWL _beng _cDSWL |
||
| 041 |
_aeng _2eng |
||
| 084 |
_aYX,A;5-PpI,N63, N73;9 _qDSWL |
||
| 245 | 0 |
_aAdvances in planned parenthood _cEd. by Sarah Lewit |
|
| 260 |
_aAmesterdam _bExcarpta Medica _c1973 |
||
| 300 | _axi,110p. | ||
| 490 | _vVol. 9 | ||
| 942 |
_cTEXL _hYX,A;5-PpI,N63, N73;9 |
||
| 999 |
_c1450027 _d1450027 |
||